Statistics for Biggest Coastal Cities of China

Click here to take the quiz!

General Stats

  • This quiz has been taken 26 times
  • The average score is 10 of 15

Answer Stats

PopulationCity% Correct
46.7 mil.Guangzhou
100%
33.6 mil.Shanghai
100%
12.7 mil.Tianjin
100%
7.50 mil.Hong Kong
100%
10.0 mil.Xiamen
90%
8.45 mil.Hangzhou
90%
6.10 mil.Qingdao
80%
4.55 mil.Dalian
80%
7.65 mil.Shantou
65%
4.02 mil.Fuzhou
60%
3.27 mil.Ningbo
50%
5.35 mil.Wenzhou
45%
2.80 mil.Huizhou
30%
2.87 mil.Tangshan
15%
2.62 mil.Anshan
15%

Score Distribution

Percentile by Number Answered

Percent of People with Each Score

Your Score History

You have not taken this quiz